000 004770000a22001810004500
001 003545
003 MACL
005 20150818152221.0
008 150818b xxu||||| |||| 00| 0 eng d
040 _aMACL
_cMACL
041 _aEnglish
082 _a545.2/RAH
100 _aRaha, Manis Kumar
_9549
245 _aThe People of The Himalayas
_cManis Kumar Raha
260 _aCalcutta
_c1995
_bAnthropological Survey of India,
650 _aHimalayas
_96097
942 _k545
_cBK
_2ddc
999 _c15445
_d15445